[Event "AUT-chT 1617"]
[Site "Austria"]
[Date "2017.04.21"]
[Round "10.6"]
[White "Anistratov, Dmitrij"]
[Black "De Francesco, Klaus"]
[Result "0-1"]
[WhiteElo "2304"]
[BlackElo "2235"]
[PlyCount "76"]
[EventDate "2016.10.20"]
[EventType "team-tourn"]
[EventRounds "11"]
[EventCountry "AUT"]
[SourceTitle "CBM 177 Extra"]
[Source "ChessBase"]
[SourceDate "2017.04.27"]
[SourceVersion "1"]
[SourceVersionDate "2017.04.27"]
[SourceQuality "1"]
[WhiteTeam "Goetzis"]
[BlackTeam "Absam"]
[WhiteTeamCountry "AUT"]
[BlackTeamCountry "AUT"]

1. Nf3 d5 2. d3 c5 3. Nbd2 Nc6 4. c3 e6 5. e4 Nge7 6. Be2 g6 7. h4 h6 8. Qc2 Bg7 9. Nf1 b6 10. Ng3 Bb7 11. 0-0 0-0 12. Bd2 f5 13. exf5 Nxf5 14. d4 cxd4 15. Nxf5 gxf5 16. cxd4 Nxd4 17. Nxd4 Bxd4 18. g3 Qf6 19. Rab1 Rf7 20. Kh2 e5 21. Bf3 e4 22. Bh5 Rg7 23. Bf4 Ba6 24. Be2 Rc8 25. Qd2 Bxe2 26. Qxe2 Be5 27. Bxe5 Qxe5 28. Qh5 Rc2 29. Kh1 e3 30. Rbe1 e2 31. Rg1 Kh7 32. f3 Qe6 33. g4 fxg4 34. fxg4 d4 35. Rg3 d3 36. Re3 Qxe3 37. Qf5+ Kg8 38. Qd5+ Rf7 0-1

[Event "AUT-chT 1617"]
[Site "Austria"]
[Date "2017.03.26"]
[Round "8.2"]
[White "Anistratov, Dmitrij"]
[Black "Burschowsky, Matthias"]
[Result "1/2-1/2"]
[WhiteElo "2304"]
[BlackElo "2195"]
[PlyCount "137"]
[EventDate "2016.10.20"]
[EventType "team-tourn"]
[EventRounds "11"]
[EventCountry "AUT"]
[SourceTitle "CBM 177 Extra"]
[Source "ChessBase"]
[SourceDate "2017.04.27"]
[SourceVersion "1"]
[SourceVersionDate "2017.04.27"]
[SourceQuality "1"]
[WhiteTeam "Goetzis"]
[BlackTeam "Hohenems"]
[WhiteTeamCountry "AUT"]
[BlackTeamCountry "AUT"]

1. Nf3 c5 2. c3 Nf6 3. d3 g6 4. e4 d6 5. Be2 Bg7 6. 0-0 0-0 7. Nbd2 Nc6 8. a4 a6 9. Re1 Rb8 10. Bf1 Nd7 11. Nb3 b5 12. axb5 axb5 13. Bg5 b4 14. Qc2 Qb6 15. Nfd2 h6 16. Be3 Ba6 17. Ra2 Ra8 18. Rea1 Bb7 19. Nc4 Qc7 20. Nba5 Nxa5 21. Nxa5 bxc3 22. bxc3 Rfb8 23. Nxb7 Rxa2 24. Rxa2 Qxb7 25. d4 Kh7 26. f3 cxd4 27. cxd4 Qb6 28. Qd2 Qb3 29. Rc2 Qa4 30. Ra2 Qb3 31. Rc2 Qa4 32. Rc4 Qa1 33. Rc1 Rb1 34. Rxb1 Qxb1 35. Kf2 Qa1 36. Bc4 e6 37. Bf1 Qa4 38. Qb2 Qa7 39. Qb4 Qc7 40. Qc4 Qxc4 41. Bxc4 Nb6 42. Bb5 d5 43. Ke2 Kg8 44. Kd3 g5 45. Bd2 Bf8 46. Ba5 dxe4+ 47. fxe4 Nc8 48. Ba6 Ne7 49. Bc4 Nc8 50. Bb5 Bd6 51. g3 h5 52. Ke3 Kg7 53. d5 exd5 54. exd5 f5 55. Bc3+ Kf7 56. Bd7 Ne7 57. Be6+ Kg6 58. Kf2 f4 59. gxf4 gxf4 60. Kf3 Nf5 61. Ke4 Ne3 62. Kf3 Nf5 63. h3 Kg5 64. Be1 Kf6 65. Bf2 Ng7 66. Bd4+ Be5 67. Bxe5+ Kxe5 68. Bf7 h4 69. Be6 1/2-1/2

[Event "AUT-chT 1516"]
[Site "Austria"]
[Date "2016.04.01"]
[Round "10.5"]
[White "Anistratov, Dmitrij"]
[Black "De Francesco, Klaus"]
[Result "1-0"]
[WhiteElo "2287"]
[BlackElo "2287"]
[PlyCount "87"]
[EventDate "2015.11.05"]
[EventType "team-tourn"]
[EventRounds "11"]
[EventCountry "AUT"]
[SourceTitle "EXT 2017"]
[Source "ChessBase"]
[SourceDate "2016.10.25"]
[SourceVersion "1"]
[SourceVersionDate "2016.10.25"]
[SourceQuality "1"]
[WhiteTeam "Goetzis"]
[BlackTeam "Absam"]
[WhiteTeamCountry "AUT"]
[BlackTeamCountry "AUT"]

1. Nf3 Nf6 2. c4 b6 3. g3 Bb7 4. Bg2 g6 5. 0-0 Bg7 6. Nc3 0-0 7. Re1 Ne4 8. Nxe4 Bxe4 9. d3 Bb7 10. e4 c5 11. d4 cxd4 12. Nxd4 Nc6 13. Be3 Nxd4 14. Bxd4 Bxd4 15. Qxd4 Qc7 16. Rad1 Rad8 17. Rd2 d6 18. Red1 Rc8 19. b3 Bc6 20. h4 Qb7 21. Qe3 Rc7 22. h5 b5 23. h6 bxc4 24. Qd4 e5 25. Qxd6 f6 26. Qe6+ Rcf7 27. Rd8 Qc7 28. Rxf8+ Kxf8 29. Qxc4 Be8 30. Qb4+ Qe7 31. Qb8 Qc7 32. Qb4+ Qe7 33. Qa5 Qc7 34. Qa3+ Qe7 35. Qa6 f5 36. exf5 Rf6 37. Qc8 gxf5 38. Bf1 Rc6 39. Qxf5+ Rf6 40. Qg5 Rg6 41. Qxe7+ Kxe7 42. Rd5 Ke6 43. Ra5 e4 44. Rxa7 1-0

[Event "AUT-chT 1516"]
[Site "Austria"]
[Date "2016.02.27"]
[Round "7.4"]
[White "Anistratov, Dmitrij"]
[Black "Atlas, Valeri"]
[Result "1/2-1/2"]
[WhiteElo "2287"]
[BlackElo "2439"]
[PlyCount "62"]
[EventDate "2015.11.05"]
[EventType "team-tourn"]
[EventRounds "11"]
[EventCountry "AUT"]
[SourceTitle "EXT 2017"]
[Source "ChessBase"]
[SourceDate "2016.10.25"]
[SourceVersion "1"]
[SourceVersionDate "2016.10.25"]
[SourceQuality "1"]
[WhiteTeam "Goetzis"]
[BlackTeam "Hohenems"]
[WhiteTeamCountry "AUT"]
[BlackTeamCountry "AUT"]

1. Nf3 Nf6 2. c4 b6 3. g3 Bb7 4. Bg2 g6 5. b3 Bg7 6. Bb2 0-0 7. 0-0 c5 8. Nc3 d6 9. e3 Nbd7 10. d4 Ne4 11. Qc2 Nxc3 12. Bxc3 e6 13. Rad1 Qe7 14. dxc5 Bxc3 15. Qxc3 Nxc5 16. h4 Rad8 17. Ne1 Ne4 18. Qb2 d5 19. cxd5 Bxd5 20. Rd4 f5 21. Nf3 e5 22. Rdd1 Rfe8 23. Ng5 Qb7 24. Nxe4 Bxe4 25. Rxd8 Rxd8 26. Bxe4 Qxe4 27. Qc3 f4 28. exf4 exf4 29. Re1 Qd4 30. Qxd4 Rxd4 31. Kg2 fxg3 1/2-1/2

[Event "Oberliga Wuerttemberg 1516"]
[Site "Wuerttemberg"]
[Date "2016.02.21"]
[Round "7.2"]
[White "Anistratov, Dmitrij"]
[Black "Braun, Georg"]
[Result "1/2-1/2"]
[WhiteElo "2222"]
[BlackElo "2275"]
[PlyCount "116"]
[EventDate "2015.09.20"]
[EventType "team-tourn"]
[EventRounds "9"]
[EventCountry "GER"]
[SourceTitle "EXT 2019"]
[Source "ChessBase"]
[SourceDate "2018.10.10"]
[SourceVersion "1"]
[SourceVersionDate "2018.10.10"]
[SourceQuality "1"]
[WhiteTeam "Jedesheim"]
[BlackTeam "Bebenhausen"]
[WhiteTeamCountry "GER"]
[BlackTeamCountry "GER"]

1. Nf3 f5 2. d4 Nf6 3. g3 e6 4. Bg2 d6 5. c3 Be7 6. Qb3 0-0 7. Nbd2 c6 8. a4 h6 9. Nh4 Kh7 10. Nhf3 Qc7 11. Qc2 d5 12. Ne5 c5 13. e3 Nc6 14. Nxc6 bxc6 15. 0-0 Rb8 16. b3 cxd4 17. cxd4 Ba6 18. Rd1 Rfc8 19. Bb2 Qb6 20. a5 Qd8 21. Bf1 Bxf1 22. Kxf1 c5 23. dxc5 Rxc5 24. Qd3 Rcb5 25. Bd4 Bc5 26. Bxc5 Rxc5 27. Qa6 Qd7 28. Rdc1 Qb5+ 29. Qxb5 Rbxb5 30. Rxc5 Rxc5 31. Ke2 Ne4 32. Nxe4 fxe4 33. Kd2 Kg6 34. b4 Rb5 35. Kc3 Kf6 36. Kb3 Ke7 37. Rc1 Kd7 38. Ka4 a6 39. f3 exf3 40. Rf1 Ke7 41. Rxf3 Rb8 42. Rf1 e5 43. Rc1 Kd6 44. Rc2 Kd7 45. Rc1 Kd6 46. Rc2 Kd7 47. g4 Kd6 48. g5 d4 49. exd4 exd4 50. gxh6 gxh6 51. Rg2 Ke5 52. Kb3 Rd8 53. Kc2 Rc8+ 54. Kd2 Kd5 55. Rg7 Rc6 56. Rb7 Rg6 57. Kd3 Rg2 58. b5 Ra2 1/2-1/2

[Event "Oberliga Wuerttemberg 1516"]
[Site "Wuerttemberg"]
[Date "2015.12.13"]
[Round "4.1"]
[White "Ortmann, David"]
[Black "Anistratov, Dmitrij"]
[Result "1/2-1/2"]
[WhiteElo "2271"]
[BlackElo "2222"]
[PlyCount "67"]
[EventDate "2015.09.20"]
[EventType "team-tourn"]
[EventRounds "9"]
[EventCountry "GER"]
[SourceTitle "EXT 2019"]
[Source "ChessBase"]
[SourceDate "2018.10.10"]
[SourceVersion "1"]
[SourceVersionDate "2018.10.10"]
[SourceQuality "1"]
[WhiteTeam "Boeblingen"]
[BlackTeam "Jedesheim"]
[WhiteTeamCountry "GER"]
[BlackTeamCountry "GER"]

1. Nf3 d6 2. d4 Nf6 3. c4 g6 4. Nc3 Bf5 5. g3 Bg7 6. Bg2 Ne4 7. Qb3 Nxc3 8. bxc3 Bc8 9. 0-0 0-0 10. a4 Nc6 11. a5 Qe8 12. Be3 Nd8 13. d5 c5 14. dxc6 bxc6 15. Nd4 Bg4 16. h3 Be6 17. Nxe6 fxe6 18. a6 Qd7 19. Rfb1 Rc8 20. Ra3 Bf6 21. Qa4 Rc7 22. Rab3 d5 23. Rd1 Qc8 24. Bf4 e5 25. Bh6 Bg7 26. Be3 d4 27. cxd4 exd4 28. Bxd4 Bxd4 29. Rxd4 Ne6 30. Rdd3 Nc5 31. Qa5 Nxd3 32. exd3 Rf5 33. c5 Rd7 34. h4 1/2-1/2